000 00827cab a2200253 4500
001 WB2439-24
008 090401t1988 xxu||||| |||| 00| 0 eng d
035 _a(Sirsi) u38071
041 _aeng
245 _aRedundant hospital sites
260 _c1988
350 _a0
490 _aGuardian
_v24/9/88 p32
520 _aAs pressure increases to release more land in the South-East for residential development, housebuilders are looking to surplus property currently being sold off by the NHS . Describes various approaches which have been taken by developers.
650 _aBARRATT
650 _aCOUNTRYSIDE PROPERTIES
650 _aDECLAN KELLY
650 _aHOSPITALS
650 _aHOUSE BUILDING
650 _aREDUNDANT BUILDINGS
690 _aPROPERTY LAW AND PRACTICE
942 _n0
948 _c04/03/1997
999 _c24464
_d24464